[Event "RSA-ch U10 Girls"]
[White "Ellis, Catherine"]
[Black "Malan, Jane"]
[Site "Gauteng"]
[Round "4"]
[Result "0-1"]
[Date "2017.04.07"]
[WhiteElo "830"]
[BlackElo "699"]
[PlyCount "66"]
[EventDate "2017.04.05"]
[EventType "swiss"]
[EventRounds "11"]
[EventCountry "RSA"]
[SourceTitle "CBM 177 Extra"]
[Source "ChessBase"]
[SourceDate "2017.04.27"]
[SourceVersion "1"]
[SourceVersionDate "2017.04.27"]
[SourceQuality "1"]

1. e4 c5 2. d4 c4 3. Bxc4 e6 4. Nf3 Be7 5. 0-0 Nf6 6. Nc3 0-0 7. Be3 d6 8. Qe2 Nc6 9. Rfd1 e5 10. dxe5 Nxe5 11. Nxe5 a6 12. Qe1 b5 13. Bf1 b4 14. Na4 Qa5 15. b3 Qxe5 16. Bd4 Qe6 17. Bc4 Qd7 18. Qe3 Ng4 19. Qh3 Bb7 20. Bd3 f5 21. Bc4+ d5 22. Bd3 fxe4 23. Nb6 Qf5 24. Be2 e3 25. Bxg4 Qxc2 26. Be6+ Kh8 27. Qg4 Qxf2+ 28. Kh1 Bf6 29. Nxa8 Bxd4 30. Qxd4 Rf4 31. Qb6 Bxa8 32. Qd6 d4 33. Qxd4 Qxg2# 0-1

[Event "RSA-ch U08 Girls"]
[White "Bruintjies, Hailey Carla"]
[Black "Ellis, Catherine"]
[Site "Waterkloof"]
[Round "7"]
[Result "1-0"]
[Date "2015.04.08"]
[WhiteElo "778"]
[BlackElo "537"]
[PlyCount "60"]
[EventDate "2015.04.04"]
[EventType "swiss"]
[EventRounds "9"]
[EventCountry "RSA"]
[SourceTitle "CBM 166 Extra"]
[Source "ChessBase"]
[SourceDate "2015.06.18"]
[SourceVersion "1"]
[SourceVersionDate "2015.06.18"]
[SourceQuality "1"]

1. c4 e5 2. Nc3 Nf6 3. e3 Nc6 4. Nf3 Bc5 5. g3 d6 6. Bg2 0-0 7. 0-0 Bf5 8. d3 a6 9. Nd5 Bg4 10. Nxf6+ Qxf6 11. e4 h6 12. Qd2 Qd8 13. Qe1 Nb4 14. Qd2 Qe8 15. a3 Nc6 16. Qe1 Bh5 17. Be3 Qd8 18. Bxc5 dxc5 19. b4 cxb4 20. axb4 Nxb4 21. Qxb4 Qd7 22. Nxe5 Qe7 23. Qxe7 Be2 24. Rfe1 Bh5 25. Ra5 b6 26. Rd5 a5 27. Nd7 Rfb8 28. Nxb8 Rxb8 29. Rd8+ Rxd8 30. Qxd8+ Kh7 1-0

[Event "RSA-ch U08 Girls"]
[White "Beetge, Wilna"]
[Black "Ellis, Catherine"]
[Site "Waterkloof"]
[Round "4"]
[Result "1-0"]
[Date "2015.04.06"]
[WhiteElo "696"]
[BlackElo "537"]
[PlyCount "41"]
[EventDate "2015.04.04"]
[EventType "swiss"]
[EventRounds "9"]
[EventCountry "RSA"]
[SourceTitle "CBM 166 Extra"]
[Source "ChessBase"]
[SourceDate "2015.06.18"]
[SourceVersion "1"]
[SourceVersionDate "2015.06.18"]
[SourceQuality "1"]

1. e4 e5 2. Nf3 Nf6 3. Nc3 Nc6 4. Bc4 Bc5 5. d4 Nxd4 6. Ng5 0-0 7. Nf3 d6 8. h3 Bd7 9. Bg5 Bc6 10. Bxf6 Qxf6 11. Nd5 Bxd5 12. Bxd5 Nxf3+ 13. gxf3 Qh4 14. Qe2 Bb4+ 15. c3 Ba5 16. Bxb7 Rab8 17. Bd5 Bb6 18. Rd1 g5 19. Rg1 h6 20. b4 h5 21. a4 1-0